Judaism and the scientific spirit / (Record no. 56766)
[ view plain ]
| 000 -LEADER | |
|---|---|
| fixed length control field | 00774nam a2200253 a 4500 |
| 001 - CONTROL NUMBER | |
| control field | 56766 |
| 003 - CONTROL NUMBER IDENTIFIER | |
| rucl marc code | BD-RjUL |
| 005 - DATE AND TIME OF LATEST TRANSACTION | |
| control field | 20211209080430.0 |
| 008 - FIXED-LENGTH DATA ELEMENTS--GENERAL INFORMATION | |
| fixed length control field | 161204s1962 nyu 000 0 eng u |
| 035 ## - SYSTEM CONTROL NUMBER | |
| System control number | (BD-RjUL)56890 |
| 040 ## - CATALOGING SOURCE | |
| Transcribing agency | IVD |
| Modifying agency | BD-RjUL |
| Original cataloging agency | BD-RjUL |
| Language of cataloging | eng |
| 041 ## - LANGUAGE CODE | |
| Language code of text/sound track or separate title | eng |
| 082 ## - DEWEY DECIMAL CLASSIFICATION NUMBER | |
| Classification number | 296.375 |
| Edition number | 23 |
| Author mark and year | PLJ 1962 |
| 100 1# - MAIN ENTRY--PERSONAL NAME | |
| Personal name | Plaut, W. Gunther, |
| Dates associated with a name | 1912-2012. |
| 9 (RLIN) | 168807 |
| 245 10 - TITLE STATEMENT | |
| Title | Judaism and the scientific spirit / |
| Statement of responsibility, etc. | W. Gunther Plaut. |
| 260 ## - PUBLICATION, DISTRIBUTION, ETC. (IMPRINT) | |
| Place of publication, distribution, etc. | New York : |
| Name of publisher, distributor, etc. | Union of American Hebrew Congregations, |
| Date of publication, distribution, etc. | 1962 |
| 300 ## - PHYSICAL DESCRIPTION | |
| Pagination | ix, 82 p. ; |
| Size | 20 cm. |
| 490 0# - SERIES STATEMENT | |
| Series statement | Issues of faith |
| 504 ## - BIBLIOGRAPHY, ETC. NOTE | |
| Bibliography, etc | Includes bibliography. |
| 650 #0 - SUBJECT ADDED ENTRY--TOPICAL TERM | |
| Topical term or geographic name as entry element | Judaism and science |
| Chronological subdivision | 1946- |
| 9 (RLIN) | 168808 |
| Topical term or geographic name as entry element | Religion and science |
| 9 (RLIN) | 137237 |
| 830 ## - SERIES ADDED ENTRY--UNIFORM TITLE | |
| Uniform title | Issues of faith |
| 942 ## - ADDED ENTRY ELEMENTS (KOHA) | |
| Source of classification or shelving scheme | Dewey Decimal Classification |
| Koha item type | Books |
| Lost status | Source of classification or shelving scheme | Damaged status | Not for loan | Collection code | Permanent Location | Current Location | Shelving location | Date acquired | Source of acquisition | Total Checkouts | Full call number | Date last seen | Copy number | Koha item type |
|---|---|---|---|---|---|---|---|---|---|---|---|---|---|---|
| Dewey Decimal Classification | Not For Loan | Non-fiction | Central Library, University of Rajshahi | Central Library, University of Rajshahi | Reading Room | 28/06/1966 | Asia foundation | 296.375 PLJ 1962 | 04/12/2016 | C-1 | Books |